| 000 | 00602cam a22002291 4500 | ||
|---|---|---|---|
| 001 | sa 68007072 | ||
| 003 | DLC | ||
| 005 | 20260227112520.0 | ||
| 008 | 950303s1968 ii ach 000 0 beno | ||
| 010 | _asa 68007072 | ||
| 025 | _aPL480:EP-B-1611 | ||
| 035 | _a(OCoLC)32084030 | ||
| 040 |
_aDLC _cCU _dCU _dDLC |
||
| 042 | _apremarc | ||
| 050 | 0 | 0 |
_aDT365 _b.S37 |
| 100 | 2 | _aShamsur Rahman, Syed. | |
| 245 | 1 | 0 | _aĀphrikāra āmantraṇa. |
| 260 | _c[1968] | ||
| 300 |
_axii, 347 p. _billus., facsims., port. _c23 cm. |
||
| 500 | _aIn Bengali. | ||
| 651 | 0 |
_aAfrica, East _xDescription and travel. |
|
| 999 |
_c81598 _d81598 |
||